[Event "AUTO-INT-3961"]
[Site "http://www.queenalice.com/game.php?id=1869703"]
[Date "2026.2.24"]
[Round "1"]
[White "jenyasm"]
[Black "digger"]
[Result "1-0"]
[WhiteElo "1664"]
[BlackElo "1656"]

1. e4 e5 2. Nf3 Nc6 3. Nc3 d6 4. a3 Be6 5. b3 Qf6 6. Bb2 O-O-O 7. g3 Bg4 8. Bg2
Nd4 9. Nd5 Qg6 10. Bxd4 exd4 11. d3 c6 12. Nf4 Qf6 13. h3 Bxf3 14. Bxf3 Qe5 15.
Bg4+ Kc7 16. Qd2 Kb8 17. a4 d5 18. Bf3 g5 19. Ng2 f5 20. Qxg5 Be7 21. Qxf5 Qxf5
22. exf5 Bf6 23. O-O c5 24. Rae1 a6 25. Nf4 Bg5 26. Nxd5 Nh6 27. Nb6 Nxf5 28.
Re5 Rhf8 29. Bg4 Ka7 30. Nc4 h6 31. Bxf5 b6 32. Bg4 a5 33. Re6 Rb8 34. Ne5 Rfe8
35. Rxe8 Rxe8 36. Nf7 Re7 37. Nxg5 hxg5 38. Kg2 Kb7 39. f4 gxf4 40. Rxf4 Re1 41.
Rf2 Re7 42. h4 Kc7 43. Rf6 Rg7 44. Bf5 Re7 45. Kf2 Rg7 46. g4 Re7 47. h5 Kb7 48.
h6 Ka6 49. h7 Re8 50. g5 1-0

[Event "AUTO-INT-3961"]
[Site "http://www.queenalice.com/game.php?id=1869704"]
[Date "2026.2.24"]
[Round "1"]
[White "digger"]
[Black "jenyasm"]
[Result "0-1"]
[WhiteElo "1649"]
[BlackElo "1680"]

1. e4 e5 2. d4 d6 3. d5 c6 4. c4 c5 5. Qa4+ Qd7 6. Qxd7+ Bxd7 7. Nc3 Nf6 8. Bg5
h6 9. Bxf6 gxf6 10. Be2 Na6 11. a3 f5 12. f3 f4 13. g3 fxg3 14. hxg3 Be7 15.
O-O-O Rb8 16. f4 f6 17. b3 Nc7 18. Nf3 b5 19. cxb5 Nxb5 20. Nxb5 Bxb5 21. Bxb5+
Rxb5 22. Kb2 a5 23. Rc1 Kf7 24. Nd2 Kg6 25. g4 Rc8 26. Nc4 a4 27. Rc3 axb3 28.
fxe5 fxe5 29. a4 Rb4 30. a5 Ra8 31. Ra1 Kg5 32. Nd2 Kxg4 33. Nxb3 Rxe4 34. Rc2
h5 35. a6 Rb4 36. Kc3 Rb6 37. Rb2 Rbxa6 38. Rxa6 Rxa6 39. Kc4 h4 40. Nd2 h3 41.
Nf1 Ra8 42. Nh2+ Kg3 43. Nf1+ Kf4 44. Rf2+ Kg5 45. Rf7 Rf8 46. Rg7+ Kh6 47. Rg1
e4 48. Rh1 Rf3 49. Nd2 Re3 50. Kb5 Bf6 51. Kc6 Be5 52. Nf1 Ra3 53. Nd2 h2 54.
Nxe4 Ra1 55. Nf2 Rxh1 56. Nxh1 c4 0-1

[Event "AUTO-INT-3962"]
[Site "http://www.queenalice.com/game.php?id=1870254"]
[Date "2026.3.9"]
[Round "1"]
[White "Yanni"]
[Black "jenyasm"]
[Result "1-0"]
[WhiteElo "1448"]
[BlackElo "1695"]

1. e4 e5 2. Nf3 Nc6 3. Bc4 h6 4. a3 d6 5. d3 a6 6. Nc3 Nf6 7. Be3 g6 8. h3 Bg7
9. Qd2 Qe7 10. Nh4 Bd7 11. O-O-O g5 12. Nf5 Bxf5 13. exf5 O-O-O 14. Na4 b5 15.
Bxb5 axb5 16. Nc3 Kd7 17. h4 g4 18. Nxb5 h5 19. Bg5 Rc8 20. d4 exd4 21. Rhe1 Qf8
22. Qe2 Nd5 23. f6 Bxf6 24. c4 Nb6 25. Bxf6 Rg8 26. Qe4 Nxc4 27. Qd3 Nb6 28.
Bxd4 Nxd4 29. Qxd4 Rh8 30. Na7 Ra8 31. Nb5 f5 32. Qc3 c6 33. Rxd6+ Kc8 34. Qxc6+
Kb8 35. Qxb6+ Kc8 36. Qc7# 1-0

[Event "AUTO-INT-3962"]
[Site "http://www.queenalice.com/game.php?id=1870255"]
[Date "2026.3.9"]
[Round "1"]
[White "jenyasm"]
[Black "Yanni"]
[Result "1-0"]
[WhiteElo "1701"]
[BlackElo "1486"]

1. e4 e5 2. Nf3 Nc6 3. a3 Bc5 4. d3 h6 5. b4 Bd6 6. Bb2 Nf6 7. h3 Be7 8. Nxe5
Nxe5 9. Bxe5 d6 10. Bd4 d5 11. e5 Nd7 12. Nc3 c6 13. g3 O-O 14. Bg2 a5 15. bxa5
Rxa5 16. O-O c5 17. Bxc5 Rxc5 18. Na4 Ra5 19. Nc3 Rc5 20. Nxd5 Bg5 21. Qe2 b5
22. e6 fxe6 23. Qxe6+ Rf7 24. Qe2 Bb7 25. Ne3 Bxg2 26. Kxg2 Re5 27. f4 Rxe3 28.
Qxe3 Nf6 29. fxg5 Nd5 30. Qc5 Re7 31. Rae1 Ne3+ 32. Rxe3 Rc7 33. Qxb5 Rxc2+ 34.
Rf2 Qa8+ 35. Rf3 Rc6 36. Rf8+ Qxf8 37. Rxf8+ Kxf8 38. Qxc6 Kf7 39. gxh6 Kg8 40.
hxg7 Kxg7 41. a4 Kf7 42. a5 Kg7 43. a6 Kf7 44. a7 Kg7 45. a8=Q Kf7 46. Qa7+ Kg8
47. Qc8# 1-0

[Event "AUTO-INT-3962"]
[Site "http://www.queenalice.com/game.php?id=1870271"]
[Date "2026.3.9"]
[Round "1"]
[White "EduardoRo"]
[Black "jenyasm"]
[Result "0-1"]
[WhiteElo "1372"]
[BlackElo "1659"]

1. e4 e5 2. Nf3 Nc6 3. Bc4 h6 4. O-O d6 5. c3 Nf6 6. d3 a6 7. Nbd2 b5 8. Bd5 Bb7
9. Bxc6+ Bxc6 10. Re1 Be7 11. d4 exd4 12. Nxd4 Bb7 13. N4f3 Ng4 14. Nd4 Nf6 15.
f3 O-O 16. Qe2 c5 17. Nf5 Bc8 18. b4 c4 19. f4 Bb7 20. e5 dxe5 21. fxe5 Nd7 22.
Nf3 Bxf3 23. Qxf3 Qb6+ 24. Kh1 Qe6 25. Qg4 g6 26. Nd4 Qxg4 27. Bxh6 Rfe8 28. Nc6
Qh5 29. Nxe7+ Rxe7 30. Rad1 Rxe5 31. Rxe5 Nxe5 32. Bf4 Ng4 33. Rd2 g5 0-1

[Event "Challenge"]
[Site "http://www.queenalice.com/game.php?id=1871288"]
[Date "2026.3.31"]
[Round "-"]
[White "jogo"]
[Black "jenyasm"]
[Result "1-0"]
[WhiteElo "1588"]
[BlackElo "1714"]

1. e4 e5 2. Nf3 d6 3. d4 f6 4. dxe5 fxe5 5. Bc4 Nf6 6. Nc3 a6 7. a4 Nc6 8. Ng5
Qe7 9. Bf7+ Kd8 10. Bc4 Ke8 11. Bf7+ Kd7 12. Nd5 Nxd5 13. Bxd5 h6 14. Be6+ Ke8
15. Qh5+ 1-0

[Event "Challenge"]
[Site "http://www.queenalice.com/game.php?id=1871289"]
[Date "2026.3.31"]
[Round "-"]
[White "jenyasm"]
[Black "jogo"]
[Result "1-0"]
[WhiteElo "1686"]
[BlackElo "1501"]

1. e4 c5 2. d3 Nc6 3. Be3 e6 4. Nd2 d5 5. exd5 exd5 6. Nb3 d4 7. Bd2 Nf6 8. h3
Be7 9. Be2 a5 10. a4 O-O 11. Nf3 h6 12. O-O Be6 13. c4 dxc3 14. Bxc3 1-0